000 00896nam a2200265 i 4500
001 16279
003 ES-MaACL
005 20250821042550.0
007 t|
008 000823s1996 sp ||||1| spa d
020 _a84-8191-084-8
080 _a821.111-14"19"
100 1 _aAuden, W. H.
_923843
245 1 0 _aGracias, niebla
_b: (poemas últimos) /
_cW.H. Auden ; traducción y nota de Silvia Barbero Marchena ; prólogo de Felipe Benítez Reyes.
250 _a1ª ed.
260 _aValencia :
_bPre-Textos,
_c1996.
300 _a105 p. ;
_c22 cm.
490 1 _aColección La cruz del sur ;
_v271
500 _aTexto en inglés y traducción española.
700 1 _aBarbero Marchena, Silvia.
_925443
700 1 _aBenítez Reyes, Felipe,
_d1960-
_927647
830 0 _aColección La cruz del sur ;
_v271
_9178835
852 _aES-MaACL
_jL-23585
_bR.128836
999 _c16279
_d16279